Mikroekonomie II

Gespeichert in:
Bibliographische Detailangaben
1. Verfasser: Kraft, Jiří
Weitere Verfasser: Bednářová, Pavla, Kocourek, Aleš
Format: Buch
Sprache:Tschechisch
Veröffentlicht: Liberec Technická univerzita v Liberci 2023
Ausgabe:4. upravené vydání
Schlagworte:
Tags: Tag hinzufügen
Keine Tags, Fügen Sie das erste Tag hinzu!

MARC

LEADER 00000nam a2200000 4500
001 0305494
005 20250227153645.2
020 |a 978-80-7494-671-4 
041 0 |a cze 
044 |a CZ 
245 1 0 |a Mikroekonomie II  |c Jiří Kraft, Pavla Bednářová, Aleš Kocourek 
250 |a 4. upravené vydání 
264 1 |a Liberec  |b Technická univerzita v Liberci  |c 2023 
300 |a 193 s. 
610 2 0 |a mikroekonomika 
610 2 0 |a správanie spotrebiteľa 
610 2 0 |a rozhodovanie za rizika 
610 2 0 |a teória rozhodovania 
610 2 0 |a dopyt 
610 2 0 |a konkurencia 
610 2 0 |a faktory výrobné 
100 1 |a Kraft, Jiří 
700 1 |a Bednářová, Pavla 
700 1 |a Kocourek, Aleš